Normal view
MARC view
- SUPERVISOR ASST PROFESSOR YASSER RIAZ AWAN Dr YASAR AYAZ
Entry Personal Name
001 - CONTROL NUMBER
- control field: 70827
003 - CONTROL NUMBER IDENTIFIER
- control field: NUST
005 - DATE AND TIME OF LATEST TRANSACTION
- control field: 20210628204547.0
008 - FIXED-LENGTH DATA ELEMENTS
- fixed length control field: 210628|| aca||aabn | a|a d
040 ## - CATALOGING SOURCE
- Original cataloging agency: NUST
- Transcribing agency: NUST
100 ## - HEADING--PERSONAL NAME
- Personal name: SUPERVISOR ASST PROFESSOR YASSER RIAZ AWAN Dr YASAR AYAZ
670 ## - SOURCE DATA FOUND
- Source citation: Work cat.: (NUST): NS SAMAR AZIM NIAZ NS USAMA HAMEED NS MUHAMMAD UMAIR KHAN 70826, PR-SOF-1536-MOTION GENERATION OF A BIPED ROBOT, 2016
